000 00373nam a22001337a 4500
999 _c515539
_d515539
008 210130b ||||| |||| 00| 0 eng d
100 _aMenon, Parathi
_924021
245 _aSabarimala and women's identity in Kerala
260 _aSocial Scientist
300 _a48(3-6), Mar-Jun, 2020: p.3-24
773 _aSocial Scientist
906 _aWOMEN - KERALA
942 _cAR